000 01210nac a22003853 a4500
001 1826996559
003 DE-627
005 20230411120523.0
007 tu
008 221214m20239999xxk||||| 00| ||eng c
020 _a9781350276246
_9978-1-350-27624-6
020 _a9781350276284
_9978-1-350-27628-4
035 _a(DE-627)1826996559
035 _a(DE-599)KXP1826996559
040 _aDE-627
_bger
_cDE-627
041 _aeng
044 _cXA-GB
100 1 _aAdams, Thomas M.
_eVerfasserIn
_4aut
_921792
245 1 0 _aEurope's welfare traditions since 1500
_cThomas McStay Adams
264 1 _aLondon ; New York ; Oxford ; New Delhi ; Sydney :
_bBloomsbury Academic
_c2023-
300 _aOnline-Ressource (Volume 1+2)
_billustrations
336 _2rdacontent
_aText
_btxt
337 _2rdamedia
_aComputermedien
_bbc
338 _2rdacarrier
_aOnline Ressource
_bcr
500 _aE-Book-ProQuest / Fernzugriff nach Registrierung möglich
500 _aURL siehe Bände
650 4 _aFürsorge
650 4 _aSozialstaat
_92408
651 4 _aEuropa
776 1 _z9781350276215
776 1 _z9781350276253
942 _2z
_cEB
999 _c62037
_d62037